000 00353pab a2200145 454500
008 180718b1985 xxu||||| |||| 00| 0 eng d
100 _aO'Neal, Michael A.
245 _aManagerial skills and values - for today and tomorrow
260 _c1985
300 _a49-55
362 _aJuly
650 _aOrganisation
773 _aPersonnel
909 _a14540
999 _c14540
_d14540